Statistics for Insane Friends Trivia

Click here to take the quiz!

General Stats

  • This quiz has been taken 330 times
  • The average score is 5 of 13

Answer Stats

HintAnswer% Correct
Number of sweaters Joey was wearing when he broke up with Katie.6
81%
Name of the pregnancy related pain Rachel was experiencing, causing Joey to rush her to the hospital.Braxton Hicks
51%
Ross's nickname for Elizabeth (before they were going out).Cutie McPretty
48%
Name of the cafe Ross and Monica's nana used to hang out in.Java Joes
43%
Joey claims he is having this type of surgery, as he needs to attend Monica and Chandler's wedding.hair transplant
40%
Number of haircuts David claims to have had in Minsk.30
39%
After Parker loses the no-talking game, he suggests that Phoebe to they should play this game instead.Jenga
31%
Full name of Charlie's ex-boyfriend, who she gets back together with after breaking up with Ross.Benjamin Hobart
29%
Eddie likes to steal these from Macy's.mannequin
29%
The alcoholic beverage Melissa and Rachel drink the night they kiss.sangria
23%
The song Chandler sings at Mikes piano bar.Jeremiah was a bullfrog
19%
Surname of Joshua, Rachel's boyfriend.Burgin
17%
Name of the software, Pete Becker invented.Moss 865
13%

Score Distribution

Percentile by Number Answered

Percent of People with Each Score

Your Score History

You have not taken this quiz